| 000 | 01217nam a22002777a 4500 | ||
|---|---|---|---|
| 005 | 20240115143740.0 | ||
| 008 | | ag ad gr|||| 00| 0 spa|d | ||
| 020 | _a9789505578504 | ||
| 050 | 0 | 4 |
_aGN406 _bL46 2010 |
| 100 | 1 |
_aLeonard, Annie. _e |
|
| 240 | 1 | 4 |
_aThe story of stuff.How our Obsession with Stuff is Trashing the Planet, our Communities, and our Health-and a Vision for Change. _lEspañol. |
| 245 | 1 | 3 |
_aLa historia de las cosas _b : de cómo nuestra obsesión por las cosas está destruyendo el planeta, nuestras comunidades y nuestra salud y una visión del cambio _c / Annie Leonard con Ariane Conrad ; traducción de Lilia Mosconi. |
| 250 | _a1a ed. | ||
| 260 |
_aArgentina : _bFondo de Cultura Económica, _c2010 |
||
| 300 |
_a392 p. : _bil. ; _c23 cm. |
||
| 490 | 0 | _aTezontle | |
| 500 | _aIncluye apéndice e índice | ||
| 650 | 4 |
_aCodicia _xAspectos morales y éticos |
|
| 650 | 4 |
_aConsumo (Economía) _xAspectos morales y éticos |
|
| 650 | 4 |
_aConsumo (Economía) _xAspectos ambientales |
|
| 650 | 4 |
_aConsumo (Economía) _xAspectos sociales |
|
| 650 | 4 | _aDesarrollo sustentable | |
| 700 | 1 |
_aConrad, Ariane, _eautor |
|
| 700 | 1 |
_aMosconi, Lilia, _etraductor |
|
| 942 |
_2lcc _cLIB |
||
| 999 |
_c123968 _d123968 |
||